000 00598nam a2200169 4500
001 108914
003 ES-MaACL
005 20230906184734.0
007 t|
008 061121s1971 sp r ||||1| spa d
245 0 0 _aMovilidad urbana /
_cintroducción y recopilación de Oficina de Información Turística.
260 _aBarcelona :
_bA.T.E.,
_c1971.
300 _a72 p. :
_bIL. ;
_c24 cm.
500 _aPublicación del Colegio Oficial de Arquitectos de Cataluña y Baleares.
710 2 _aColegio Oficial de Arquitectos de Cataluña y Baleares.
_92956
852 _aES-MaACL
_jC-44123
_bR.79855
999 _c108914
_d108914